000 00315nam a22001337a 4500
008 171013b xxu||||| |||| 00| 0 eng d
020 _a9780761924944
041 _aeng
080 _a316
100 _a50
101 _aSOC
245 _aQUALITATIVE COMMUNICATION RESEARCH METHODS
_cLINDLOF, TH.R
942 _2udc
_cBK
999 _c33607
_d33607